| 000 -LEADER |
| fixed length control field |
00413nam a22001577a 4500 |
| 008 - FIXED-LENGTH DATA ELEMENTS--GENERAL INFORMATION |
| fixed length control field |
201231b ||||| |||| 00| 0 eng d |
| 020 ## - INTERNATIONAL STANDARD BOOK NUMBER |
| International Standard Book Number |
9788720331341 |
| 082 ## - DEWEY DECIMAL CLASSIFICATION NUMBER |
| Classification number |
621 |
| Item number |
AMB |
| 100 ## - MAIN ENTRY--PERSONAL NAME |
| Personal name |
Ambekar, A. G. |
| 245 ## - TITLE STATEMENT |
| Title |
Mechanism and machine theory |
| 260 ## - PUBLICATION, DISTRIBUTION, ETC. (IMPRINT) |
| Place of publication, distribution, etc |
New Delhi |
| Name of publisher, distributor, etc |
PHI Learning Pvt. Ltd. |
| Date of publication, distribution, etc |
2011 |
| 300 ## - PHYSICAL DESCRIPTION |
| Extent |
xvii, 986p. |
| Other physical details |
PBC |
| 650 ## - SUBJECT ADDED ENTRY--TOPICAL TERM |
| Topical term or geographic name as entry element |
Machinery |
| 650 ## - SUBJECT ADDED ENTRY--TOPICAL TERM |
| Topical term or geographic name as entry element |
Mechanical engineering |
| 942 ## - ADDED ENTRY ELEMENTS (KOHA) |
| Item type |
Books |